International bimetallism (Record no. 431042)

000 -LEADER
fixed length control field 00336cam a22001217a 4500
008 - FIXED-LENGTH DATA ELEMENTS--GENERAL INFORMATION
fixed length control field 180718b1896 xxu||||| |||| 00| 0 eng d
082 ## - DEWEY DECIMAL CLASSIFICATION NUMBER
Classification number T412 W152
100 ## - MAIN ENTRY--PERSONAL NAME
Personal name Walker, Francis A.
245 ## - TITLE STATEMENT
Title International bimetallism
Statement of responsibility, etc. by Francis A. Walker
260 ## - PUBLICATION, DISTRIBUTION, ETC.
Place of publication, distribution, etc. New York
Name of publisher, distributor, etc. H. Holt and Company
Date of publication, distribution, etc. 1896
300 ## - PHYSICAL DESCRIPTION
Extent 297p.
650 ## - SUBJECT ADDED ENTRY--TOPICAL TERM
Topical term or geographic name entry element Bimetallism
Holdings
Withdrawn status Lost status Damaged status Not for loan Permanent Location Current Location Date acquired Full call number Barcode Date last seen Price effective from Koha item type
        Indian Institute of Public Administration Indian Institute of Public Administration 2010-01-15 T412 W152 A1343 2018-07-21 2018-07-21 A

Powered by Koha